Hoy es fiesta (Record no. 37345)

MARC details
000 -LEADER
campo de control de longitud fija 00556nam a2200193 i 4500
001 - NÚMERO DE CONTROL
campo de control 37345
003 - IDENTIFICADOR DE NÚMERO DE CONTROL
campo de control ES-MaACL
005 - FECHA Y HORA DE LA ÚLTIMA TRANSACCIÓN
campo de control 20230906155544.0
007 - CAMPO FIJO DE DESCRIPCIÓN FÍSICA--INFORMACIÓN GENERAL
campo de control de longitud fija t|
008 - DATOS DE LONGITUD FIJA--INFORMACIÓN GENERAL
campo de control de longitud fija 030220s1968 sp ||||1| spa d
100 1# - ENTRADA PRINCIPAL--NOMBRE DE PERSONA
Nombre de persona Buero Vallejo, Antonio,
Fechas asociadas al nombre 1916-2000
9 (RLIN) 32421
245 10 - MENCIÓN DEL TÍTULO
Título Hoy es fiesta
Resto del título : ; Las meninas ; El tragaluz /
Mención de responsabilidad, etc. Antonio Buero Vallejo.
260 ## - PUBLICACIÓN, DISTRIBUCIÓN, ETC.
Lugar de publicación, distribución, etc. [Madrid] :
Nombre del editor, distribuidor, etc. Taurus,
Fecha de publicación, distribución, etc. [1968]
300 ## - DESCRIPCIÓN FÍSICA
Extensión 357 p. ;
Dimensiones 18 cm.
740 4# - ENTRADA AGREGADA--TÍTULO RELACIONADO/ANALÍTICO NO CONTROLADO
Título relacionado o analítico no controlado Las meninas.
740 3# - ENTRADA AGREGADA--TÍTULO RELACIONADO/ANALÍTICO NO CONTROLADO
Título relacionado o analítico no controlado El tragaluz.
852 ## - LOCALIZACIÓN
Ubicación ES-MaACL
Número de control de estantería C-35309
Sublocalización o colección R.67694
Holdings
Estatus retirado Estado de pérdida Estado de daño No para préstamo Biblioteca de origen Biblioteca actual Ubicación en estantería Fecha de adquisición Fuente de adquisición Total de préstamos Signatura topográfica completa Código de barras Visto por última vez Precio de reemplazo Tipo de ítem Koha
        Biblioteca del Ateneo de Madrid Biblioteca del Ateneo de Madrid Depósito 2 17/01/2008     C-35309 1039301 23/02/2023 23/02/2023 Libro impreso